Logos de marques françaises - Statistiques

Statistiques générales
  • Ce quiz a été pris 629 fois
  • Le résultat moyen est 14 sur 20
Statistiques - réponses
Par images Réponse % Correct
Lacoste
99%
BIC
96%
Auchan
92%
Le coq sportif
92%
Evian
91%
Michelin
90%
Orange
86%
BNP Paribas
85%
FNAC
84%
Leroy Merlin
81%
AXA
71%
Hermès
70%
EDF
62%
Air France
60%
Bugatti
46%
Macif
46%
Decathlon
45%
Garnier
42%
Longchamps
24%
Elf-Aquitaine
13%
Aucun quiz correspondant
Distribution des résultats
% des personnes avec chaque résultat
Percentile par nombre de réponses
Votre historique - résultats
Vous n’avez pas pris ce quiz